Triết học cổ đại Hi-Lạp giản yếu

שמור ב:
מידע ביבליוגרפי
מחבר ראשי: Hóa, Hào-Nguyên Nguyễn
פורמט: ספר
שפה:Undetermined
יצא לאור: Hà Nội Thanh niên 2004
נושאים:
תגים: הוספת תג
אין תגיות, היה/י הראשונ/ה לתייג את הרשומה!
Thư viện lưu trữ: Trung tâm Học liệu Trường Đại học Cần Thơ
LEADER 00579nam a2200193Ia 4500
001 CTU_61849
008 210402s9999 xx 000 0 und d
020 |c 25000 
082 |a 182 
082 |b H108 
100 |a Hóa, Hào-Nguyên Nguyễn 
245 0 |a Triết học cổ đại Hi-Lạp giản yếu 
245 0 |c Hào-Nguyên Nguyễn Hóa 
260 |a Hà Nội 
260 |b Thanh niên 
260 |c 2004 
650 |a Philosophy, ancient,Philosophy, greek 
904 |i TUYẾN,Hải 
980 |a Trung tâm Học liệu Trường Đại học Cần Thơ